|
|
|
|
| LEADER |
01169nam a2200289 a 4500 |
| 001 |
17600 |
| 003 |
BD-DhAAL |
| 005 |
20140610113733.0 |
| 008 |
140610s1991 nyua b 000 0 eng |
| 010 |
|
|
|a 91014059
|
| 020 |
|
|
|a 0415904307 (hb)
|
| 020 |
|
|
|a 0415904315 (pb)
|
| 040 |
|
|
|a DLC
|c DLC
|d DLC
|d BD-DhAAL
|
| 050 |
0 |
0 |
|a PN1995
|b .T66 1991
|
| 082 |
0 |
0 |
|a 791.43/01
|2 20
|
| 100 |
1 |
|
|a Trinh, T. Minh-Ha
|q (Thi Minh-Ha),
|d 1952-
|9 4871
|
| 245 |
1 |
0 |
|a When the moon waxes red :
|b representation, gender, and cultural politics /
|c Trinh T. Minh-ha.
|
| 260 |
|
|
|a New York :
|b Routledge,
|c 1991.
|
| 300 |
|
|
|a ix, 251 p. :
|b ill. ;
|c 24 cm.
|
| 504 |
|
|
|a Includes bibliographical references (p. 237-251).
|
| 541 |
|
|
|e 17600
|
| 650 |
|
0 |
|a Motion pictures
|x Philosophy.
|9 4872
|
| 650 |
|
0 |
|a Feminism and motion pictures.
|9 4873
|
| 856 |
4 |
2 |
|3 Publisher description
|u http://www.loc.gov/catdir/enhancements/fy0651/91014059-d.html
|
| 942 |
|
|
|2 ddc
|c BK
|
| 999 |
|
|
|c 14416
|d 14416
|
| 952 |
|
|
|0 0
|1 0
|2 ddc
|4 0
|6 791_430100000000000_TRI
|7 0
|9 24417
|a BRACUL
|b BRACUL
|c GEN
|d 2014-06-10
|l 0
|o 791.4301 TRI
|p 3010017600
|r 2014-06-10
|t 1
|w 2014-06-10
|y BK
|x Transferred from ENH to Ayesha Abed library on 20/12/2023
|